00552nam a2200169Ia 450000500170000000800410001702000150005808200130007310000180008624500420010426000270014630000180017350000750019194200060026695200950027299900150036720250624013534.0240331s9999 xx 000 0 und d a9559151010 bHUSa352 aHussain,M.S.M 0aPalath sabha saha ehi kriyakarithwaya aKandybAra Deepac1992 aXXV, 242 P ., aAn explanation and analysis of the law relating to provincial Councils cL 001040708LaWERCLbWERCLcSSCd2024-03-31l0o 352 HUSp3424r2024-03-31w2024-03-31yL c5078d5078